| 000 | 00721nam a2200193Ia 4500 | ||
|---|---|---|---|
| 008 | 090201s9999 xx 000 0 und d | ||
| 010 | _aKPL-67477 | ||
| 040 | _bमराठी | ||
| 041 | _aमराठी | ||
| 082 |
_a44728 _b67477 |
||
| 100 | _a भातखंडे विष्णु नारायण | ||
| 245 |
_aहिंदुस्थानी संगीत पध्दती भाग 3 _c भातखंडे विष्णु नारायण |
||
| 250 | _a2 | ||
| 260 |
_c2005 _bपॉप्युलर प्रकाशन |
||
| 300 | _a366 | ||
| 300 | _bमोठा | ||
| 600 | _aहिंदुस्थानी संगीत पध्दती भाग 3 | ||
| 942 | _cBOOK | ||
| 999 |
_c241717 _d241717 |
||